00786cam a22002294a 450000100090000000300050000900500170001400800410003101000170007202000180008904000180010704200140012505000250013908200260016424500730019026000440026330000310030785600780033894200120041699900170042895201110044513443853PILC20151027144035.0031224s2005 nyua b 001 0 eng  a 2003028002 a9780689712296 aDLCcDLCdDLC apccalcac00aGB 401.5b.B885 200500aREF 910.02 bG51 200510aNatural wonders of america cDavid M. Brownstone and Irene Franck.  aChina : bEagle Edition Limited, c1989 a53 p.bcol. ill. ;c28 cm.413Table of contentsuhttp://www.loc.gov/catdir/toc/ecip0414/2003028002.html 2lcccBK c11909d11909 00102lcc40aLUXbLUXcGSd2013-09-21l0oQH 104 .B777 1989p3811r2015-02-09 00:00:00t1w2013-10-03yBK